Statistiche per Elenca la formazione - Finale Mondiali 2014

Clicka qui per fare il quiz!

Statistiche generali

  • Questo quiz è stato fatto 41 volte
  • Il punteggio medio è 15 su 22

Statistiche sulle risposte

RuoloClub dell'epocaCalciatore% Corretto
AttaccanteNapoliGonzalo Higuaín
100%
TrequartistaBarcellonaLionel Messi
100%
PortiereBayern MonacoManuel Neuer
100%
AttaccanteLazioMiroslav Klose
100%
DifensoreBorussia DortmundMats Hummels
94%
DifensoreBayern MonacoPhilipp Lahm
94%
AttaccanteBayern MonacoThomas Müller
91%
DifensoreBayern MonacoJérôme Boateng
89%
PortiereMonacoSergio Romero
71%
CentrocampistaBayern MonacoToni Kroos
71%
CentrocampistaBarcellonaJavier Mascherano
69%
CentrocampistaLazioLucas Biglia
69%
AlaParis Saint-GermainEzequiel Lavezzi
66%
CentrocampistaBayern MonacoBastian Schweinsteiger
63%
AttaccanteArsenalMesut Özil
60%
DifensoreManchester CityPablo Zabaleta
57%
DifensoreSchalke 04Benedikt Höwedes
54%
DifensoreManchester CityMartín Demichelis
49%
CentrocampistaBorussia MönchengladbachChristoph Kramer
37%
DifensoreSporting LisbonaMarcos Rojo
23%
DifensoreBenficaEzequiel Garay
17%
AlaBenficaEnzo Pérez
11%

Distribuzione punteggi

Percentile per numero di risposta

Percentuale di utenti per punteggio

I tuoi punteggi nel tempo

Non hai fatto questo quiz